Научи сам руски (Запис номер 225829)
[ съкратено ]
| 000 -Лидер | |
|---|---|
| Контролно поле с фиксирана дължина | 01498nim a2200409 a 4500 |
| 003 - Код на организацията, давaща контролен номер | |
| Контролно поле | BLK |
| 005 - Дата и час на последна редакция | |
| Контролно поле | 20241017130357.0 |
| 008 - Елементи от данни с фиксирана дължина | |
| fixed length control field | 180410b bul||n||s|||||||| n|bulo| |
| 020 ## - Международен стандартен номер на книга ISBN | |
| Международен стандартен номер на книга ISBN | 9789549351583 |
| 040 ## - Източник на каталожния запис | |
| Идентификатор на билиотеката - собственик на записа | BLK |
| 041 ## - Код за език | |
| Код за езика на текст/звукозапис или на отделно заглавие | Български |
| Код за езика КДБФ | Руски |
| Други езици | Руски |
| 080 ## - УДК | |
| Текстов определител УДК | Руски език |
| УДК код - определител по УДК | 811.161.1 |
| УДК определител | (086.76) |
| УДК - код + определител | 811.161.1(086.76) |
| 100 1# - Редна дума - Автор | |
| Автор | Уест, Дафни |
| Авторска отговорност | първи автор |
| R(LIN) | 322564 |
| 139 ## - Редно поле | |
| Редна дума | Уест, Дафни |
| Авторски знак | Уес - У 30 |
| 245 10 - Сведения за заглавието | |
| Заглавие | Научи сам руски |
| Подзаглавни данни | Аудиокурс |
| Том | Ч. 1 - 2. |
| Заглавие на том | Диалози и текстове |
| Редно поле (дума) | Дафни Уест. |
| 257 ## - Страна на издаване | |
| Страна на създаване/издаване | България |
| 260 ## - Област на издателските данни | |
| Име на издателя, разпространителя и проч. | SkyPrint |
| Година на издаване | 2007 |
| Място на издаване, разпространение и проч. | София |
| 300 ## - Физическа характеристика | |
| Страници | 2 аудиодиска в кутия |
| Илюстрации и др. | 52 мин. 26 сек. ; 64 мин. 05 сек. |
| Размери/Мащаб | 12 см |
| 380 ## - Жанр | |
| Жанр | Езикознание. Филология |
| 500 ## - Общи забележки | |
| Забележка | Към учебник със сигн. Ч3 808.2/У 30 Научи сам руски : Пълен курс за овладяване на основните умения - разбиране, говорене, писане, четене / Дафни Уест. - Доп. тир. 2020 |
| 650 #4 - Допълнително описание по предмет – тема | |
| Основно описание – тема или топоним | Руски език |
| 9 (RLIN) | 262992 |
| 653 ## - Ключова дума – ненормативна | |
| Ключова дума | диалози |
| 852 ## - Местоположение | |
| Форматна сигнатура | CD 3220 |
| Част | 0 |
| 856 4# - Електронен адрес и достъп | |
| Електронен формат | pdf - файл |
| Път до файла /url/ | |
| 856 4# - Електронен адрес и достъп | |
| Електронен формат | pdf - файл |
| Път до файла /url/ | |
| 942 ## - АРТИКУЛИ | |
| Вид на библиотечния материал | Компактдискове |
| Скрит в OPAC | Не |
| Koha issues (borrowed), all copies | 2 |
| 944 ## - СЪЗДАВАНЕ И РЕДАКЦИЯ на ЗАПИСА | |
| Създаване/Редакция | Създаване |
| Дата на регистрацията/редакция | 05.12.2012 |
| Служител, извършил регистрацията/редакцията | 30556 |
| Статус, дата на статуса | Теодора Пейчева-Дянкова |
| 999 ## - СИСТЕМНИ КОНТРОЛНИ НОМЕРА | |
| Koha biblionumber | 225829 |
| Koha biblioitemnumber | 225829 |
| 999 ## - СИСТЕМНИ КОНТРОЛНИ НОМЕРА | |
| Koha biblioitemnumber | 225829 |
| 999 ## - СИСТЕМНИ КОНТРОЛНИ НОМЕРА | |
| Koha biblioitemnumber | 225829 |
| 999 ## - СИСТЕМНИ КОНТРОЛНИ НОМЕРА | |
| Koha biblioitemnumber | 225829 |
| 999 ## - СИСТЕМНИ КОНТРОЛНИ НОМЕРА | |
| Koha biblioitemnumber | 225829 |
| 999 ## - СИСТЕМНИ КОНТРОЛНИ НОМЕРА | |
| Koha biblioitemnumber | 225829 |
| 999 ## - СИСТЕМНИ КОНТРОЛНИ НОМЕРА | |
| Koha biblioitemnumber | 225829 |
| 999 ## - СИСТЕМНИ КОНТРОЛНИ НОМЕРА | |
| Koha biblioitemnumber | 225829 |
| 999 ## - СИСТЕМНИ КОНТРОЛНИ НОМЕРА | |
| Koha biblioitemnumber | 225829 |
| 999 ## - СИСТЕМНИ КОНТРОЛНИ НОМЕРА | |
| Koha biblioitemnumber | 225829 |
| Код за отписване | Код за изгубен артикул | Източник на класификационната схема | Код за повреда | Коз за рестрикции | Код за отдаване | Артикулен № | Име на библиотеката - собственик | Име на библиотеката, в която се намира в момента | Статус (Текущо местоположение) | Дата на вписване в системата | Местоположение - отдел | Цена в лева | Номерация (Хронология) | Инвентарен номер | Систематично азбучна сигнатура | Баркод | Номер на екземпляра | Цена в евро | Служебна бележка | Служебен тип на артикула |
|---|---|---|---|---|---|---|---|---|---|---|---|---|---|---|---|---|---|---|---|---|
| Не е изгубен | Universal Decimal Classification | Не е повреден | без рестрикции | заемане за дома | 397931 | Регионална библиотека "Любен Каравелов" Русе | Регионална библиотека "Любен Каравелов" Русе | ЧЧЗО - англ. ез. - Британски съвет | 2012-11-27 | ЧЧЗО - англ. ез. - Британски съвет | 7.44 | Ч. 1 | 250000004930 | Ч3 808.2/У 30 | 250000004930 | 1 | 3.80 | Дост: Pk Вид: Ф N: 323 Дата: 19.11.2012 Съставил: Виолета_Тройчева | Компактдискове | |
| Не е изгубен | Universal Decimal Classification | Не е повреден | без рестрикции | заемане за дома | 397932 | Регионална библиотека "Любен Каравелов" Русе | Регионална библиотека "Любен Каравелов" Русе | ЧЧЗО - англ. ез. - Британски съвет | 2012-11-27 | ЧЧЗО - англ. ез. - Британски съвет | 7.55 | Ч. 2 | 250000004931 | Ч3 808.2/У 30 | 250000004931 | 1 | 3.86 | Дост: Pk Вид: Ф N: 323 Дата: 19.11.2012 Съставил: Виолета_Тройчева | Компактдискове | |
| Не е изгубен | Universal Decimal Classification | Не е повреден | заемане за дома | 952225 | Регионална библиотека "Любен Каравелов" Русе | Регионална библиотека "Любен Каравелов" Русе | ЧЧЗО - англ. ез. - Британски съвет | 2024-10-16 | ЧЧЗО - англ. ез. - Британски съвет | 14.57 | 120000914073 | Ч3 808.2/У 30 Д | 120000914073 | 7.45 | Компактдискове |